Loading...

Multimedia: sound & video/

Bibliographic Details
Main Author: Lozano, Jose
Format: Printed Book
Language:English
Published: New Delhi: PHI 1998
LEADER 00605nam a22001577a 4500
008 090827t xxu||||| |||| 00| 0 eng d
020 |a 9 788120 313187 
082 |a 004.032 6  |b LOZ 
100 |a Lozano, Jose  |9 5357 
245 |a Multimedia: sound & video/  |c Jose Lozano 
260 |a New Delhi:  |b PHI  |c 1998 
300 |a 192p. 
942 |2 ddc  |c BK  |6 _ 
999 |c 85624  |d 85624 
952 |0 0  |1 0  |2 ddc  |4 0  |6 004032_6LOZ  |7 0  |9 107277  |a DCA  |b DCA  |d 2009-08-27  |o 004.032 6 LOZ  |p CA000856  |r 2009-08-27  |w 2009-08-27  |y BK 
952 |0 0  |1 0  |2 ddc  |4 0  |6 004032_6LOZ  |7 0  |9 107278  |a DCA  |b DCA  |d 2009-08-27  |o 004.032 6 LOZ  |p CA000908  |r 2009-08-27  |w 2009-08-27  |y BK